000 00823nas a2200277 4500
001 BR7306198
003 BR-BrBNA
005 20231205082603.0
007 ta
008 230509b bl.|||p| |||| 00| 00por d
040 _aBR-BrBNA
_bpor
_cBiblioteca Nacional de Agricultura
041 _a(Pt)
072 _aK50
100 1 _aTomaselli, I.
100 1 _aNock, H.P.
100 1 _aRichter, H.G.
245 1 _aCondicoes da secagem artificial de madeiras serradas no Parana e Santa Catarina [Brasil]
_bResumo de tese
650 _aINDUSTRIA FLORESTAL
650 _aMADEIRA
650 _aSECAGEM ARTIFICIAL
650 _aPARANÁ
650 _aSANTA CATARINA
773 0 _tFloresta (Brazil)
_xISSN 0015-3826
_g(Dec 1975), v. 6(2) p. 5-13
_wBR7306198
909 _a202311
_bLúcia
_c55
_dLúcia Elande
942 _2AGRIS
_n0
_cANA
999 _c93021
_d93021